<?xml version="1.0" encoding="UTF-8"?>
<collection xmlns="http://www.loc.gov/MARC21/slim">
 <record>
  <leader>00635pamaa2200181   4500</leader>
  <controlfield tag="001">0000019186</controlfield>
  <controlfield tag="005">20060531090000.0</controlfield>
  <datafield tag="020" ind1="0" ind2="0">
   <subfield code="a">155775196X </subfield>
  </datafield>
  <datafield tag="082" ind1=" " ind2=" ">
   <subfield code="a">332.042 INT</subfield>
  </datafield>
  <datafield tag="090" ind1="0" ind2="0">
   <subfield code="a">HG203 </subfield>
   <subfield code="b">INT 1991</subfield>
  </datafield>
  <datafield tag="245" ind1="0" ind2="0">
   <subfield code="a">INTERNATIONAL financial policy : </subfield>
   <subfield code="b">essays in honor of Jacques J. Polak  </subfield>
   <subfield code="c">edited by Jacob A. Frenkel and Morris Goldstein.</subfield>
  </datafield>
  <datafield tag="260" ind1="0" ind2="0">
   <subfield code="a">Washington: </subfield>
   <subfield code="b">International Monetary Fund, </subfield>
   <subfield code="c">1991.</subfield>
  </datafield>
  <datafield tag="300" ind1=" " ind2=" ">
   <subfield code="a">xiii, 508p.: </subfield>
   <subfield code="b">23cm.</subfield>
  </datafield>
  <datafield tag="650" ind1="0" ind2="0">
   <subfield code="a">International finance -- </subfield>
   <subfield code="x">Congresses </subfield>
  </datafield>
  <datafield tag="650" ind1="0" ind2="0">
   <subfield code="a">International Monetary Fund -- </subfield>
   <subfield code="x">Congress </subfield>
  </datafield>
  <datafield tag="700" ind1="1" ind2="1">
   <subfield code="a">FRENKEL, </subfield>
   <subfield code="h">Jacob A. </subfield>
  </datafield>
  <datafield tag="700" ind1="1" ind2="1">
   <subfield code="a">Goldstein, </subfield>
   <subfield code="h">Morris </subfield>
  </datafield>
  <datafield tag="700" ind1="1" ind2="1">
   <subfield code="a">Polak, </subfield>
   <subfield code="h">Jacques J. </subfield>
  </datafield>
 </record>
</collection>
